000
00272nam a22001217a 4500
008
171014b xxu||||| |||| 00| 0 eng d
041
_a
eng
080
_a
331
100
_a
52
101
_a
PUN
245
_a
SUCCEEDING IN THE WORLD OF WORK
_c
KIMBRELL, G
942
_2
udc
_c
BK
999
_c
33922
_d
33922